00504 a2200157 4500001001000000005001700010008004100027245007200068100002000140700002400160700001800184700002000202700002200222773008500244999001700329ART_1398720260410161914.0260409a 10aProceso de industrialización y proceso politico en america latina1 aBaño, Rodrigo1 aBenavides, Leopoldo1 aFaletto, Enzo1 aFlisfich, Angel1 aKirkwood, Julieta0 tRevista Paraguaya de Sociologíag- Año 18, Nº 50 (ene./mayo 1981)wREV13424 c27114d27114